000 01311cam a2200217 4500500
005 20260111144543.0
041 _afre
042 _adc
100 1 0 _aGelard, Xavier
_eauthor
700 1 0 _aLewi, Olivia
_eauthor
245 0 0 _aLe résumé imaginaire : des personnages en quête d’œuvres
260 _c2018.
500 _a29
520 _aL’article expose la mise en place d’un exercice d’investigation littéraire, le résumé imaginaire, pouvant s’inscrire dans l’objet d’étude de Première « Le personnage de roman du XVIIe siècle à nos jours ». L’exercice, qui consiste à soumettre des titres d’œuvres réelles à des élèves sans qu’ils les aient lues et leur demander d’en imaginer le contenu afin de produire un résumé, s’est révélé, dans les classes où il a été mis en place, une source de renseignements sur le rôle qu’assignent intuitivement les élèves au personnage et à sa fonction dans l’élaboration textuelle.
690 _apersonnage
690 _apostures d’auteur
690 _arésumé imaginaire
690 _asujet lecteur
786 0 _nLe français aujourd'hui | 201 | 2 | 2018-06-01 | p. 77-86 | 0184-7732
856 4 1 _uhttps://shs.cairn.info/revue-le-francais-aujourd-hui-2018-2-page-77?lang=fr&redirect-ssocas=7080
999 _c1636189
_d1636189